Statistics for Obey Me Characters

Click here to take the quiz!

General Stats

  • This quiz has been taken 13 times
  • The average score is 17 of 24

Answer Stats

HintAnswer% Correct
Brother 1Lucifer
100%
Brother 2Mammon
100%
Brother 5Asmodeus
86%
Brother 2's SinGreed
86%
Brother 3Leviathan
86%
Brother 4Satan
86%
His ButlerBarbatos
71%
Brother 6Beelzebub
71%
Brother 7Belphegor
71%
Demon PrinceDiavolo
71%
Brother 3's SinEnvy
71%
Younger AngelLuke
71%
Brother 1's SinPride
71%
Older AngelSimeon
71%
Other HumanSolomon
71%
Main CharacterYou
71%
Brother 6's SinGluttony
57%
Dead SisterLilith
57%
Brother 5's SinLust
57%
Brother 7's SinSloth
57%
Brother 4's SinWrath
57%
ReporterMephistopheles
43%
Other AngelRaphael
43%
Only FemaleThirteen
43%

Score Distribution

Percentile by Number Answered

Percent of People with Each Score

Your Score History

You have not taken this quiz